LEADER 02014nas 2200661-a 450 001 996205332403316 005 20240413025748.0 035 $a(CKB)991042731648624 035 $a(CONSER)---94649132- 035 $a(EXLCZ)99991042731648624 100 $a19870915a19869999 --- a 101 0 $aeng 181 $ctxt$2rdacontent 182 $cc$2rdamedia 183 $acr$2rdacarrier 200 10$aFacsimile 210 $aOttawa $cCanadian Institute for Historical Microreproductions$d1986- 215 $a1 online resource 300 $aTitle from cover. 311 $aPrint version: Facsimile (Ottawa, Ont.) (DLC) 94649132 (DLC)ce 87031834 (OCoLC)16688223 0832-6045 517 1 $aFacsimile newsletter 517 1 $aFac-similé 531 0 $aFacsimile 606 $aMicroforms$zCanada$vPeriodicals 606 $aRare books$zCanada$vPeriodicals 606 $aMicrofilming 606 $aRare Books 606 $aMicroforms$2fast$3(OCoLC)fst01019844 606 $aRare books$2fast$3(OCoLC)fst01090104 606 $aPublicaties$2gtt 606 $aGeschiedbronnen$2gtt 606 $aBronnenonderzoek$2gtt 606 $aMicroformen$2gtt 607 $aCanada$vBibliography$vPeriodicals 607 $aCanada$xImprints$vPeriodicals 607 $aCanada$vImprints$vPeriodicals 607 $aCanada$xBibliography$vPeriodicals 607 $aCanada$2fast 608 $aBibliographies.$2fast 608 $aPeriodicals.$2fast 608 $aPeriodicals.$2rbgenr 615 0$aMicroforms 615 0$aRare books 615 2$aMicrofilming. 615 2$aRare Books. 615 7$aMicroforms. 615 7$aRare books. 615 17$aPublicaties. 615 17$aGeschiedbronnen. 615 17$aBronnenonderzoek. 615 17$aMicroformen. 676 $a015.71/036 712 02$aCanadian Institute for Historical Microreproductions. 906 $aJOURNAL 912 $a996205332403316 920 $aexl_impl conversion 996 $aFacsimile$91437072 997 $aUNISA LEADER 05793nam 2200901 a 450 001 9910973801503321 005 20200520144314.0 010 $a9786613376695 010 $a9781283376693 010 $a1283376695 010 $a9781849513319 010 $a1849513317 035 $a(CKB)2670000000083335 035 $a(EBL)950516 035 $a(OCoLC)797916373 035 $a(SSID)ssj0000523674 035 $a(PQKBManifestationID)12162591 035 $a(PQKBTitleCode)TC0000523674 035 $a(PQKBWorkID)10542804 035 $a(PQKB)10391168 035 $a(Au-PeEL)EBL950516 035 $a(CaPaEBR)ebr10467640 035 $a(CaONFJC)MIL337669 035 $a(PPN)228016894 035 $a(OCoLC)793912760 035 $a(OCoLC)ocn793912760 035 $a(FR-PaCSA)88851756 035 $a(CaSebORM)9781849513302 035 $a(MiAaPQ)EBC950516 035 $a(FRCYB88851756)88851756 035 $a(DE-B1597)722098 035 $a(DE-B1597)9781849513319 035 $a(OCoLC)1495323026 035 $a(UkLoBP)BP9781849513319BVA 035 $a(iGPub)PACKT0003775 035 $a(EXLCZ)992670000000083335 100 $a20110518d2011 uy 0 101 0 $aeng 135 $aur|n|---||||| 181 $ctxt 182 $cc 183 $acr 200 10$ajQuery 1.4 animation techniques beginner's guide $equickly master all of jQuery's animation methods and build a toolkit of ready-to-use animations using jQuery 1.4 /$fDan Wellman 205 $a1st ed. 210 1$aBirmingham, UK :$cPackt Publishing,$d2011. 210 2$aLondon :$cBloomsbury Publishing (UK),$d2025. 215 $a1 online resource (344 p.) 225 0 $aLearn by Doing: Less Theory, More Results 300 $a"Learn by doing: less theory, more results"--Cover. 300 $aIncludes index. 311 08$a9781849513302 311 08$a1849513309 320 $aIncludes bibliographical references and index. 327 $aCover; Chapter 1; Basic animation with jQuery; Chapter 2; Using fadeIn; Using fadeOut; Using fadeToggle(); Using fadeTo; Using show and hide; Chapter 3; Viewing the queue; Adding new items to the array; Keeping the queue running; Replacing the queue; Stopping an animation; Chapter 4; Sliding elements down; Sliding elements up; Using slideToggle; Using easing; Fixing the flicker; Chapter 5; Creating an animated content-viewer; Creating expanding images; Creating a plugin; Chapter 6; Using the effect API; Using show/hide logic; Easing, color, and class animations; Chapter 7 327 $aAnimating page scrollImplementing the parallax effect; Creating a single-page website; Implementing stop-motion animation with jQuery; Chapter 8; Implementing proximity animations; Creating a marquee scroller; Chapter 9; Implementing CSS3 rotation; Using the matrix; Chapter 10; Drawing to the canvas; Supporting IE; Animating the canvas; Creating canvas-based games; Copyright; Credits; About the Author; About the Reviewers; www.PacktPub.com; Table of Contents; Preface; Chapter 1: Introduction; Animation on the Web; The power of animated UIs; When to use animations; When not to use animations 327 $aAnimation checklistAnimating with jQuery; The template file; Creating a project folder; A basic animation example; Time for action - creating an animated loader; Summary; Chapter 2: Fading Animations; Fading animations; Configuring the animations with arguments; jQuery's Unified Animation API; Enhancing simple CSS hover states with fadeIn; Time for action - adding the underlying markup and styling; Time for action - scripting the animation; Fading elements out; Time for action - creating the dialog; Fading PNGs in IE; Using fadeToggle() for convenient state-checking logic 327 $aTime for action - showing and hiding with fadeToggle()Greater opacity control with fadeTo(); Animating to partial opacity; Time for action - creating the example page; Time for action - adding the behavior; Fading table rows in Internet Explorer; Time for action - fading table-rows in IE; Showing and hiding; Flyout submenus with jQuery's show/hide logic; Time for action - animations with show/hide; Animated toggling; Time for action - replacing show and hide with toggle; Summary; Chapter 3: Managing Animations; Working with the queue; Viewing the queue; Time for action - viewing the queue 327 $aAdding a function to the queueTime for action - adding a single function to the queue; Using a callback function to keep the queue moving; Time for action - keeping the queue running; Replacing the queue; Time for action - replacing the queue; Ensuring custom queues iterate correctly; Time for action - dequeueing functions; Stopping an animation; Time for action - preventing animation build-up using; the stop method; Delaying queue execution; Clearing the queue; Useful properties of the jQuery object; Globally disabling animations; Changing the default frame rate; Summary 327 $aChapter 4: Sliding Animations 330 $aQuickly master all of jQuery's animation methods and build a toolkit of ready-to-use animations using jQuery 1.4 606 $aJavaScript (Computer program language) 606 $aQuery languages (Computer science) 606 $aWeb site development 606 $aWeb sites$xDesign 606 $aWeb programming$2bicssc 615 0$aJavaScript (Computer program language) 615 0$aQuery languages (Computer science) 615 0$aWeb site development 615 0$aWeb sites$xDesign 615 7$aWeb programming 676 $a006.76 700 $aWellman$b Dan$01795725 801 0$bUkLoBP 801 1$bUkLoBP 906 $aBOOK 912 $a9910973801503321 996 $aJQuery 1.4 animation techniques beginner's guide$94340629 997 $aUNINA